000
00299nam a2200133Ia 4500
008
231129s1973||||xx |||||||||||||| ||spa||
040
_b
spa
082
_a
F843 E65w
100
_a
Erckmann-Chatrian.
245
0
_a
Watreloo
260
_c
1973
264
_a
Lito Ediciones Olimpia
942
_2
ddc
_c
BKS
999
_c
26458
_d
26458